| 000 | 02467nam a2200361 i 4500 | ||
|---|---|---|---|
| 001 | 31584 | ||
| 003 | ES-MaACL | ||
| 005 | 20250715063058.0 | ||
| 007 | t| | ||
| 008 | 030129m1984 it |||| | ita d | ||
| 080 | _a338.2(450.25 M.)"17" | ||
| 080 | _a343.23 | ||
| 080 | _a343.24 | ||
| 080 | _a1(081) Beccaria, Cesare | ||
| 080 | _a82(081) Beccaria, Cesare | ||
| 100 | 1 |
_aBeccaria, Cesare, _cmarchese di, _d1738-1794 _926869 |
|
| 245 | 1 | 0 |
_aEdizione nazionale delle opere di Cesare Beccaria / _cdiretta da Luigi Firpo. |
| 260 |
_aMilano : _bMediobanca, _c1984- |
||
| 300 |
_a17 v. ; _c26 cm. |
||
| 505 | 8 | _aContiene: I: Dei delitti e delle pene / a cura di Gianni Francioni con Le edizioni italiane del "Dei Delitti e delle pene" / di Luigi Firpo. -- II: Scritti filosofici e letterari / a cura di Luigi Firpo, Gianni Francioni e Gianmarco Gaspari. -- III: Scritti economici / a cura di Giancomo Gaspari -- IV: Carteggio (parte I: 1758-1768) / a cura di Carlo Capra, Renato Pasta e Francesca Pino Pongolini - V: Carteggio (parte II: 1769-1794) / a cura di Carlo Capra, Renato Pasta e Francesca Pino Pongolini - VI: Atti di governo. Serie I, 1771-1777 / a cura di Rosalba Canetta. -- VII: Atti di goberno. Serie II, 1778-1783 / a cura di Rosalba Canetta. -- VIII: Atti di goberno. Serie III, 1784-1786 / a cura di Rosalba Canetta --I X: Atti di governo (serie IV: 1787) / a cura di Rosalba Canetta - X: Atti di governo (serie V: 1788) / a cura di Rosalba Canetta - XI: Atti di governo (serie VI: 1789) / a cura di Rosalba Canetta - XII: Atti di governo (serie VII: 1790) / a cura di Rosalba Canetta - XIII: Atti di governo (serie VIII: 1791) / a cura di Rosalba Canetta - XIV: Atti di governo (serie IX: 1792) / a cura di Rosalba Canetta - XV: Atti di governo (serie X: 1793) / a cura di Rosalba Canetta - XVI: Atti di governo (serie XI: gennaio-diciembre 1794) / a cura di Rosalba Canetta (2 vol.) -- | |
| 600 | 1 | 4 |
_aBeccaria, Cesare, _cmarchese di, _d1738-1794 _926869 |
| 650 | 4 |
_aDelitos. _9166054 |
|
| 650 | 0 | 4 |
_aPenas. _915916 |
| 650 | 4 |
_aEconomía- _zItalia- _vFuentes. _9167719 |
|
| 651 | 4 |
_aMilán- _xSituación económica- _vFuentes. _9167717 |
|
| 651 | 4 |
_aMilán- _xPolítica económica- _vFuentes. _9167718 |
|
| 700 | 1 |
_aFirpo, Luigi. _950959 |
|
| 700 | 1 |
_aFrancioni, Gianni. _952175 |
|
| 700 | 1 |
_aGaspari, Gianmarco. _955889 |
|
| 700 | 1 |
_aCanetta, Rosalba. _934492 |
|
| 852 |
_aES-MaACL _jP- 974 bis |
||
| 999 |
_c31584 _d31584 |
||